Distributed systems : (Record no. 609)

MARC details
000 -LEADER
fixed length control field 00644nam a22002057a 4500
005 - DATE AND TIME OF LATEST TRANSACTION
control field 20250420134818.0
008 - FIXED-LENGTH DATA ELEMENTS--GENERAL INFORMATION
fixed length control field 200812b ||||| |||| 00| 0 eng d
020 ## - INTERNATIONAL STANDARD BOOK NUMBER
International Standard Book Number 9781530281756
040 ## - CATALOGING SOURCE
Transcribing agency KCST
082 ## - DEWEY DECIMAL CLASSIFICATION NUMBER
Classification number 004.36
Item number Ta Di
100 ## - MAIN ENTRY--PERSONAL NAME
Personal name Tanenbaum, Andrew S
9 (RLIN) 857
245 ## - TITLE STATEMENT
Title Distributed systems :
Remainder of title principles and paradigms /
Statement of responsibility, etc. Andrew S Tanenbaum; Maarten Van Steen
250 ## - EDITION STATEMENT
Edition statement 2nd edition
Remainder of edition statement (adjusted for digital publishing)
260 ## - PUBLICATION, DISTRIBUTION, ETC.
Place of publication, distribution, etc. [not identified]:
Name of publisher, distributor, etc. Maarten van Steen,
Date of publication, distribution, etc. 2016.
300 ## - PHYSICAL DESCRIPTION
Extent 700 p.
650 ## - SUBJECT ADDED ENTRY--TOPICAL TERM
Topical term or geographic name entry element Distributed systems (computing)
9 (RLIN) 5069
700 ## - ADDED ENTRY--PERSONAL NAME
Personal name Steen, Maarten Van
9 (RLIN) 5070
942 ## - ADDED ENTRY ELEMENTS (KOHA)
Koha item type Book
942 ## - ADDED ENTRY ELEMENTS (KOHA)
Source of classification or shelving scheme Dewey Decimal Classification
Holdings
Withdrawn status Lost status Source of classification or shelving scheme Damaged status Not for loan Home library Current library Date acquired Cost, normal purchase price Total checkouts Full call number Barcode Date last seen Price effective from Koha item type
    Dewey Decimal Classification     KCST Library KCST Library 12/08/2020 16.83   004.36 Ta Di 1000000489 12/08/2020 12/08/2020 Book
© 2025 KCST. All rights reserved